Responses for Show #8548 - Wednesday, January 5, 2022

Amy Schneider game 26.

Contestants

[<< previous game]

Chantal Nguyen, a biophysicist from Boulder, Colorado

Mike Parks, a software engineer from Golden Valley, Minnesota

Amy Schneider, an engineering manager from Oakland, California (whose 25-day cash winnings total $918,000)

[next game >>]

Jeopardy! Round responses

WHICH CABINET DEPARTMENT?
HAND-Y RESPONSES
A PLAYER TO BE NAMED RIGHT NOW
MY SINGLE JUST DROPPED
RAIN
YOUR PARADE
    $200 10
Transportation

Mike
    $200 14
finger foods

Amy
    $200 30
Tom Brady

Chantal
    $200 1
(Ken: [*] is correct and I'm out of breath already.)

(Elizabeth) Taylor

Mike
    $200 19
Texas

Amy
    $200 28
St. Patrick's Day

Mike
    $400 29
Agriculture

Amy
    $400 15
a pinky promise

Chantal
    $400 7
Alex Rodriguez

Chantal
    $400 3
Carrie Nation

Mike
    $400 20
pH

Amy
    $400 27
Chicago

Amy
    $600 11
(Amy: What is Commerce?)
(Chantal: What is Defense?)

the Treasury Department

AmyChantal
Triple Stumper
    $600 16
a knuckleball

Mike
    $600 2
(Mike: What is rugby?)

Australian rules football

AmyMike
    $600 6
Curie

Mike
    $600 21
monsoon season

Chantal
    $3,000 24
the Rose Parade

Amy
    $800 12
Labor

Mike
    $800 17
a palm tree

Amy
    $800 4
[NOTE: Ken corrected Chantal's pronunciation from "RAP-ee-no" to "ruh-PEE-no".]

Megan Rapinoe

Chantal
    $800 8
(Amy: Who are the Shelleys?)
(Ken: Be more specific.)

Mary Shelley & Percy Shelley

Amy
    $800 22
the Johnstown Flood

Amy
    $800 25
Portland

Chantal
    $1000 13
Energy

Amy
    $1000 18
an index fund

Triple Stumper
    $1000 5
Gretzky

Amy
    $1000 9
Isabella

Amy
    $1000 23
terminal velocity

Amy
    $1000 26
the Mummers Parade

Triple Stumper

Scores at the first commercial break (after clue 15):

Amy Mike Chantal
$4,000 $1,600 $1,000

Scores at the end of the Jeopardy! Round:

Amy Mike Chantal
$11,000 $2,400 $2,600

Double Jeopardy! Round responses

LIT IN THE FUTURE TENSE
ISLANDS
REAL PEOPLE ON FILM
LESSER-KNOWN COMPOSERS
ECONOMY SIZE
"A"NTONYMS
(Ken: Each correct response will begin with the letter A.)
    $400 27
flu

Amy
    $400 26
(Chantal: What is Elba?)

Corsica

MikeChantal
    $400 25
suffragette

Amy
    $400 30
Baroque

Mike
    $400 29
GDP (GNP)

Amy
    $400 28
absent

Amy
    $800 20
London

Mike
    $800 7
the International Date Line

Chantal
    $800 24
Shakespeare in Love

Chantal
    $800 23
the pedals

Amy
    $6,799 21
the invisible hand

Mike
    $800 22
acute

Amy
    $1200 13
Electric Sheep

Mike
    $1200 4
Malta

Amy
    $1200 9
Sid and Nancy

Amy
    $1200 17
a spiritual

Triple Stumper
    $1200 3
the IMF

Mike
    $2,000 11
(Chantal: What is...)
(Ken: Chantal?)
(Chantal: Ascend?)

to abdicate

Chantal
    $1600 14
Children of Men

Chantal
    $1600 5
the Coral Sea

Amy
    $1600 8
(Adrien) Brody

Amy
    $1600 18
the saxophone

Amy
    $1600 1
Das Kapital

Mike
    $1600 12
(Amy: What is [**]?)
[Amy's response was ruled incorrect and the decision was reversed when the next Daily Double was uncovered.]

ambiguous (ambivalent)

AmyMike
    $2000 15
(Ayn) Rand

Amy
    $2000 6
Bahrain

Amy
    $2000 10
Cate Blanchett

Chantal
    $2000 19
(Mike: Who is Stravinsky?)

Shostakovich

Mike
Triple Stumper
    $2000 2
Davos

Amy
    $2000 16
augmented

Amy

Scores at the end of the Double Jeopardy! Round:

Amy Mike Chantal
$31,000 $14,399 $5,400
(lock game)

[wagering suggestions for these scores]

Final Jeopardy! Round responses

THE 1950s
(Ken: [To Amy] Democratic presidential candidate in both 1952 and 1956.)
ChantalWho is Dewey?
$5,399
MikeWho is Landon
$20
AmyWho is Adlai Stevenson?
$1,000
Adlai Stevenson

Final scores:

Amy Mike Chantal
$32,000 $14,379 $1
26-day champion: $950,000 2nd place: $2,000 3rd place: $1,000

Game dynamics:

Coryat scores:

Amy Mike Chantal
$28,600 $8,400 $7,400
30 R
(including 1 DD),
1 W
15 R
(including 1 DD),
2 W
10 R,
3 W
(including 1 DD)

Combined Coryat: $44,400

[game clues] [game scores] [suggest correction]

Game tape date: 2021-11-01
The J! Archive is created by fans, for fans. Scraping, republication, monetization, and malicious use prohibited; this site may use cookies and collect identifying information. See terms. The Jeopardy! game show and all elements thereof, including but not limited to copyright and trademark thereto, are the property of Jeopardy Productions, Inc. and are protected under law. This website is not affiliated with, sponsored by, or operated by Jeopardy Productions, Inc. Join the discussion at JBoard.tv.